01327 2200229 4500001002100000005001500021035002000036007000300056008004100059020002200100082001000122084001600132100002200148245005200170250001100222260004900233300004100282650001000323650001800333520072900351990001701080INLIS00000000000224820260429082607 a0010-0426000005ta260429 g f ind  a978-602-9397-92-5 a82-31 a82-31 CAN l0 aCanceriana, Clara1 aLove disorder; kapan ku bisa menangkan hatiimu? aCet. 1 aYogyakarta :bPenertbit Benteng Belia,c2013 aviii, 240 hlm :bilus. ;c13 x 19 cm 4aNOVEL 4aFIKSI ROMANSA aNovel ini mengeksplorasi dinamika emosional remaja melalui kisah Karin, seorang siswi SMA yang terjebak dalam obsesi cinta yang rumit terhadap Radit. Bagi Karin, mencintai Radit adalah sebuah "gangguan" (disorder) yang mengacaukan logika dan kesehariannya. Radit digambarkan sebagai sosok pria yang dingin, sulit ditebak, dan seolah memiliki benteng yang mustahil untuk ditembus. Melalui gaya bahasa yang khas remaja, Clara Canceriana menggambarkan bagaimana sebuah perasaan cinta bisa menjadi motivasi sekaligus beban. Novel ini menawarkan refleksi tentang kedewasaan: bahwa terkadang, memenangkan hati seseorang tidak selalu menjadi akhir yang bahagia jika kita harus mengorbankan kebahagiaan diri sendiri dalam prosesnya. a4046/BBPP/26